The Challenge of Change in Latin America and the Caribbean /
Aquí se analizan los desafíos que las naciones latinoamericanas y del Caribe vienen enfrentando desde la década de los noventa debido a los cambios políticos y económicos, como naciones democráticas con modelos económicos basados en principios de apertura comercial. Algunos de los aspectos que resal...
Guardado en:
| Autor principal: | |
|---|---|
| Formato: | Libro |
| Idioma: | Inglés |
| Publicado: |
Miami, EUA :
University of Miami, North-South Center,
2001, c2001
|
| Temas: | |
| Etiquetas: |
MARC
| LEADER | 00000nam^a2200000^a^4500 | ||
|---|---|---|---|
| 001 | 000149668 | ||
| 005 | 20250521000000.0 | ||
| 009 | 20260310100108.437 | ||
| 020 | |a 1-57454-076-9 | ||
| 037 | |a Acervo ITESO - Biblioteca | ||
| 041 | |a ING | ||
| 082 | |a 320. 980 |b STA | ||
| 100 | |a Stark, Jeffrey |e (ed.) | ||
| 245 | 1 | 4 | |a The Challenge of Change in Latin America and the Caribbean / |c Ed. de J. Stark. |
| 264 | 4 | |a Miami, EUA : |b University of Miami, North-South Center, |c 2001, c2001 | |
| 300 | |a 276 p. | ||
| 336 | |a texto |b txt |2 rdacontenido | ||
| 337 | |a sin mediación |b n |2 rdamedio | ||
| 338 | |a volumen |b nc |2 rdasoporte | ||
| 520 | |a Aquí se analizan los desafíos que las naciones latinoamericanas y del Caribe vienen enfrentando desde la década de los noventa debido a los cambios políticos y económicos, como naciones democráticas con modelos económicos basados en principios de apertura comercial. Algunos de los aspectos que resaltan son la salud pública y el desarrollo sustentable de la zona. | ||
| 649 | |a XX | ||
| 650 | |a Cambios Sociales y Culturales - |z Latinoamérica | ||
| 650 | |a Desarrollo Económico-Social - |z Latinoamérica | ||
| 650 | |a Estabilidad Económica - |z Latinoamérica | ||
| 650 | |a Capitalismo - |z Latinoamérica | ||
| 650 | |a Distribución del Ingreso - |z Latinoamérica | ||
| 650 | |a Tratado de Libre Comercio | ||
| 650 | |a Tratados Comerciales Internacionales | ||
| 650 | |a Salud Pública - |z Latinoamérica | ||
| 650 | |a Democratización - |z Latinoamérica | ||
| 650 | |a Medio Ambiente - |z Latinoamérica | ||
| 650 | |a Impacto Ambiental - |z Latinoamérica | ||
| 650 | |a Desarrollo Sustentable - |z Latinoamérica | ||
| 650 | |a Organizaciones No Gubernamentales - |z Latinoamérica | ||
| 650 | |a Globalización - |z Latinoamérica | ||
| 910 | |a Fondo General | ||
| 920 | |a Impresos - Libros | ||
| 930 | |a Colección General | ||
| 905 | |a 101 | ||
| 901 | |a 0500079378 |b IT1 |c ACC |u 20250521 | ||
| 902 | |a https://opac.biblio.iteso.mx/vufind/Record/000149668 | ||